LIBRARY & INFORMATION CENTRE, KCAET, TAVANUR

ONLINE PUBLIC ACCESS CATALOGUE (OPAC)

Complete plain words / (Record no. 8539)

MARC details
000 -LEADER
fixed length control field 00477cam a2200193ua 4500
041 ## - LANGUAGE CODE
Language code of text/sound track or separate title eng
082 ## - DEWEY DECIMAL CLASSIFICATION NUMBER
Classification number 428.1
Item number GOW/CO
100 ## - MAIN ENTRY--AUTHOR NAME
Personal name Gowers, Sir Earnest .
245 ## - TITLE STATEMENT
Title Complete plain words /
250 ## - EDITION STATEMENT
Edition statement 1 /
260 ## - PUBLICATION, DISTRIBUTION, ETC. (IMPRINT)
Place of publication London :
Name of publisher English Language Book Society ,
Year of publication 1962.
300 ## - PHYSICAL DESCRIPTION
Number of Pages 272 ; .
942 ## - ADDED ENTRY ELEMENTS (KOHA)
Koha item type Books
Holdings
Withdrawn status Lost status Damaged status Home library Current library Date acquired Full call number Accession Number Koha item type
Withdrawn     KAUAET Malayalam University 07/04/2012 428.1 10967 Books
Withdrawn     KAUAET Sanskrit University 07/04/2012 428.1 4064 Books
free website counter